Statistics for Guess the country by its flag #2

Click here to take the quiz!

General Stats

  • This quiz has been taken 41 times
  • The average score is 7 of 10

Answer Stats

Answer% Correct
India
96%
France
92%
Turkey
83%
Cuba
75%
Ecuador
67%
Hungary
67%
Monaco
63%
Angola
54%
Suriname
42%
Lesotho
38%

Score Distribution

Percentile by Number Answered

Percent of People with Each Score

Your Score History

You have not taken this quiz